Introduction to C.A.S.E. technology using Visible Analyst Workbench

Αποθηκεύτηκε σε:
Λεπτομέρειες βιβλιογραφικής εγγραφής
Κύριος συγγραφέας: Wenig, Raymond P.
Μορφή: Βιβλίο
Γλώσσα:English
Δημοσίευση: New York : Toronto : New York : Macmillan, Maxwell Macmillan Canada, Maxwell Macmillan International, c1991
Θέματα:
Ετικέτες: Προσθήκη ετικέτας
Δεν υπάρχουν, Καταχωρήστε ετικέτα πρώτοι!

MARC

LEADER 00000cam a2200000 i 4500
001 1/47680
008 961206s1991 eng d
020 |a 0675213673 ((pbk.)) 
035 |l 10026542 
040 |a GR-MY-UA  |b gre  |e aacr 
041 0 |a eng 
082 0 |a 005.102855369 
100 1 |a Wenig, Raymond P. 
245 1 0 |a Introduction to C.A.S.E. technology using Visible Analyst Workbench /  |c Raymond P. Wenig 
246 3 3 |a Introduction to CASE technology using Visible Analyst Workbench 
260 |a New York :   |a Toronto :   |a New York :   |b Macmillan,   |b Maxwell Macmillan Canada,   |b Maxwell Macmillan International,   |c c1991 
300 |a 276 σ.;  |b εικ.;  |c 28 cm. ++  |e 6 computer disks (5 1/4 in.) 
500 |a System requirements for computer disks: IBM PC, XT, AT, PS/2 or 100% compatible (AT level or better, with 80286, 386, or 486 processor, recommended); at least 430K RAM (preferable) or expanded memory (530K for EGA and 610K for VGA graphics recommended); Visible Analyst Workbench software or educational version; Hercules, CGA, EGA, or VGA graphics; floppy and hard disk drives; Microsoft compatible mouse or trackball; dot matrix or laser printer 
650 0 0 |a Computer-aided software engineering. 
852 |a INST  |b CHIOS  |e 19961206  |h 005.102855369 WEN  |p 005200001624  |q 005200001624  |t BK  |y 0 
909 |a Χ  |b 038470